| 000 | 00637cam a22002291 4500 | ||
|---|---|---|---|
| 999 |
_c41409 _d41409 |
||
| 001 | 6059990 | ||
| 003 | OSt | ||
| 005 | 20220106110559.0 | ||
| 008 | 850605s1953 it 000 0 eng | ||
| 010 | _a 56026768 | ||
| 035 | _a(OCoLC)12118741 | ||
| 040 |
_aDLC _cLU-L _dLU-L _dDLC |
||
| 042 | _apremarc | ||
| 043 | _aa-ii--- | ||
| 050 | 0 | 0 |
_aKNS3542.A311872 _bB37 1953 |
| 082 |
_a347.5406 _bJEY/I |
||
| 110 | 1 | _aIndia. | |
| 245 | 1 | 4 |
_aThe Indian Evidence Act, 1872 _b(Act no. 1 of 1872) |
| 300 |
_a77 p. _c23 cm. |
||
| 650 | 0 |
_aEvidence (Law) _zIndia. |
|
| 942 |
_2ddc _cBK _h347.5406 _iJEY/I _k347.5406 _mJRY/I |
||